PeopleSoft developer's guide for PeopleTools & PeopleCode / (Record no. 28592)
[ view plain ]
| 000 -LEADER | |
|---|---|
| fixed length control field | 01537nam a2200337 a 4500 |
| 005 - DATE AND TIME OF LATEST TRANSACTION | |
| control field | 2009072301321.0 |
| 008 - FIXED-LENGTH DATA ELEMENTS--GENERAL INFORMATION | |
| fixed length control field | 081205s2009 nyua b 001 0 eng |
| 010 ## - LCCN (DPL NO) | |
| LC control number | ENG-94529 |
| 020 ## - INTERNATIONAL STANDARD BOOK NUMBER | |
| International Standard Book Number | 0070142106 |
| Terms of availability | 595.00 |
| 020 ## - INTERNATIONAL STANDARD BOOK NUMBER | |
| International Standard Book Number | 9780070142107 |
| Terms of availability | 595.00 |
| 035 ## - SYSTEM CONTROL NUMBER | |
| System control number | EN-78062 |
| 037 ## - SOURCE OF ACQUISITION | |
| Source of stock number/acquisition | DBAD / PUB |
| 040 ## - CATALOGING SOURCE | |
| Original cataloging agency | dpl |
| Language of cataloging | English |
| 082 ## - DEWEY DECIMAL CLASSIFICATION NUMBER | |
| Classification number | 005.3 |
| 100 ## - MAIN ENTRY--PERSONAL NAME | |
| Personal name | Doolittle, Judi |
| 245 ## - TITLE STATEMENT | |
| Title | PeopleSoft developer's guide for PeopleTools & PeopleCode / |
| Statement of responsibility, etc | by Judi Doolittle |
| 246 ## - VARYING FORM OF TITLE | |
| Title proper/short title | PeopleSoft developer's guide for PeopleTools and PeopleCode |
| 260 ## - PUBLICATION, DISTRIBUTION, ETC. (IMPRINT) | |
| Place of publication, distribution, etc | New Delhi |
| Name of publisher, distributor, etc | Tata McGraw-Hill Publishing |
| Date of publication, distribution, etc | 2009 |
| 270 ## - ADDRESS | |
| Address | 7 West Patel Nagar, |
| City | New Delhi |
| Postal code | 110008 |
| 300 ## - PHYSICAL DESCRIPTION | |
| Extent | xxviii, 572 p. : |
| Other physical details | ill. ; |
| Dimensions | 25cm(pbk) |
| 500 ## - GENERAL NOTE | |
| General note | "Oracle Press." |
| 504 ## - BIBLIOGRAPHY, ETC. NOTE | |
| Bibliography, etc | Includes bibliographical references and index |
| 505 ## - FORMATTED CONTENTS NOTE | |
| Formatted contents note | Application environment -- PeopleTools -- PeopleSoft Internet architecture (PIA) -- PeopleTools basics -- PeopleSoft pages -- PeopleCode -- Advanced PeopleCode -- XML publisher -- PeopleSoft query -- Structured query reporting -- Application engine -- Tip |
| 650 ## - SUBJECT ADDED ENTRY--TOPICAL TERM | |
| Topical term or geographic name as entry element | PeopleSoft software. |
| 650 ## - SUBJECT ADDED ENTRY--TOPICAL TERM | |
| Topical term or geographic name as entry element | Business enterprises |
| General subdivision | Computer networks. |
| 650 ## - SUBJECT ADDED ENTRY--TOPICAL TERM | |
| Topical term or geographic name as entry element | Database management. |
| 650 ## - SUBJECT ADDED ENTRY--TOPICAL TERM | |
| Topical term or geographic name as entry element | Computer software |
| General subdivision | Development. |
| 650 ## - SUBJECT ADDED ENTRY--TOPICAL TERM | |
| Topical term or geographic name as entry element | Management information systems. |
| 942 ## - ADDED ENTRY ELEMENTS (KOHA) | |
| Source of classification or shelving scheme | Dewey Decimal Classification |
| Item type | English Books |
| Classification part | 005.3 |
| Call number suffix | DOO |
| Withdrawn status | Lost status | Source of classification or shelving scheme | Damaged status | Not for loan | Collection code | Home library | Current library | Date acquired | Source of acquisition | Cost, normal purchase price | Total Checkouts | Full call number | Barcode | Date last seen | Copy number | Cost, replacement price | Koha item type |
|---|---|---|---|---|---|---|---|---|---|---|---|---|---|---|---|---|---|
| Dewey Decimal Classification | Not For Loan | Non-fiction | D.B.Act.Division | D.B.Act.Division | 23/07/2009 | DBAD / PUB | 595.00 | 005.3 DOO | EN-78062 | 23/07/2009 | 1 | 595.00 | English Books |
